[Event "Corus-C"]
[Site "Wijk aan Zee"]
[Date "2005.01.30"]
[Round "13"]
[White "L'Ami, Erwin"]
[Black "Alekseev, Evgeny V"]
[Result "1/2-1/2"]
[WhiteElo "2531"]
[BlackElo "2605"]
[Annotator "Golod,V"]
[PlyCount "61"]
[EventDate "2005.01.15"]
[EventType "tourn"]
[EventRounds "13"]
[EventCountry "NED"]
[EventCategory "7"]
[SourceTitle "CBM 105"]
[Source "ChessBase"]
[SourceDate "2005.04.11"]
[SourceVersion "1"]
[SourceVersionDate "2005.04.11"]
[SourceQuality "1"]

1. d4 Nf6 2. c4 e6 3. Nc3 Bb4 4. Qc2 O-O 5. a3 Bxc3+ 6. Qxc3 b6 7. Bg5 Bb7 8.
f3 d6 9. e4 ({After:} 9. e3 {with rearrangement of moves we receive a position
from a game: Lautier,J-Bologan,V/Poikovsky,2004/CBM 100(1/2-1/2)(Golod,V)(65)})
9... c5 {Black had no other worthy alternative.} 10. d5 ({On:} 10. dxc5 $6 {
I have found fourteen games in Mega DataBase 2005.For an example we shall
consider two most interesting of them:} bxc5 11. O-O-O (11. Rd1 Nc6 (11... Nxe4
12. Bxd8 Nxc3 13. Rxd6 Nc6 14. Bg5 Na4 15. b3 $14) 12. Nh3 (12. Bxf6 Qxf6 $1
13. Qxf6 gxf6 14. Rxd6 Rfd8 $44) 12... Nd4 13. Nf2 h6 14. Be3 e5 $10 {Karpov,
A-Andersson,U/Reggio Emilia,1989/Inf 49/657(1/2-1/2)(Zaitsev,I)(62)}) 11... Nc6
$1 12. Bxf6 gxf6 13. Ne2 e5 14. Qd2 Nd4 $11 {Van Wely,L-Kramnik,V/Wijk aan Zee,
2003/Inf 86/494(1-0)(Van Wely,L; Chuchelov,V)(49)}) 10... Nbd7 ({I can not
recommended in this position:} 10... exd5 11. Bxf6 $1 gxf6 (11... Qxf6 $2 12.
Qxf6 gxf6 13. exd5 $16) 12. exd5 Re8+ 13. Kf2 Nd7 14. Ne2 $14 {Atalik,S-Justin,
M/Skofja Loka,1998/EXT 2002(1-0)(Atalik,S)(45)}) ({or} 10... Nxe4 $2 {Atalik,S}
11. Bxd8 Nxc3 12. Bh4 $1 (12. Be7 $2 Re8 13. Bxd6 exd5+ 14. Kd2 Na4 15. b3 dxc4
16. Bxb8 cxb3 $1 $17) 12... Na4 13. b3 Nc3 14. Kd2 (14. dxe6 $6 d5) 14... Nxd5
15. cxd5 Bxd5 16. Be7 Re8 17. Bxd6 Bxb3 (17... Rd8 $2 18. Bxb8 $18) 18. Kc3 $16
) 11. Qc2 ({On:} 11. Nh3 {you can find twenty two games in Mega DataBase 2005.
For further details,for an example,you can see comments to Salov,V-Granda
Zuniga,J/Amsterdam,1995/CBM 049(1/2-1/2)(Salov,V)(45)}) ({Once was checked in
the preceding game:} 11. dxe6) 11... exd5 ({It deserves serious attention:} 
11... b5 $1 {You can see comments to Xu Yuanyuan-Kaidanov,G/Qingdao,2002/Inf
86/495(0-1)(Kaidanov,G)(35)}) 12. cxd5 b5 13. Nh3 {White can finish
development,as black's pieces are located unsuccessfully and they will not
have time to attack the weak white's K.} (13. Bxb5 $4 {is refuted by:} Qa5+ {
[%csl Ga5,Rb5,Re1]}) 13... Qb6 {In my opinion,it's not enough for the equation.
Hardly it was better:} (13... h6 14. Bf4 Qb6 15. Be2 c4 $6 (15... a5 $142 16.
O-O b4 $1 {/\17...Ba6}) 16. Qc3 Rfe8 17. Rd1 (17. Be3 $2 Nxd5 $17) 17... a5 (
17... Nxe4 $5 18. fxe4 Rxe4 19. Qg3 Rae8 20. Rd2 Kh8 $13) 18. Be3 Qd8 19. O-O
Qe7 20. Bd4 Ne5 21. Nf2 $14 {For further details,you can see annotation to
Gurevich,M-Dgebuadze,A/Korinthos,1998/CBM 066(1-0)(Gurevich,M)(48)}) 14. Be2 a5
{It's necessary to create a counterplay on the queen side,differently Black
will be in a complete clip.} (14... h6 $5 15. Bh4 a5 16. O-O b4 17. Kh1 (17.
Nf2 $5) 17... Ba6 18. Bxa6 Rxa6 19. Nf2 Rc8 $13 {Sundararajan,K-Harikrishna,P/
Mumbai,2000/CBM 076(0-1)(36)}) 15. O-O b4 {[%cal Gb7a6] The Black's idea is
absolutely clear: to exchange the bad bishop.} 16. Nf2 $146 {Is paradoxical,
but this logical move is a novelty.The game,which have reached this position
was continued as follows:} (16. Kh1 Ba6 17. Bxa6 Rxa6 (17... Qxa6 $5 {/^a6-f1})
18. Nf2 Ra7 19. Nd1 h6 20. Bh4 Rb8 21. a4 Ne8 22. Ne3 $14 {Sundararajan,
K-Atanu,L/Mumbai,2000/CBM 076(1-0)(76)}) 16... Ba6 17. Bxa6 Qxa6 $1 {It's
important to keep the control above /^a6-f1.} (17... Rxa6 $143 18. Kh1 {
/\Nd1-e3-c4(f5)}) 18. Nd1 $14 h6 19. Bh4 {B does not want to occupy a point
intended for N:} (19. Be3 Ne5 {as now N on a field "d1" remains without
prospect.}) 19... Nh5 {Evgeny Alekseev does not want to think only about
defence,he searches a counterplay.With the help of this move Black exempts the
Nd7 from a duty to protect item "f6".} 20. Ne3 Ne5 21. Rad1 (21. f4 $5 Ng6 $140
{(ץh4,Pf4)} 22. Bg3 Nxg3 23. hxg3 Rfe8 {[%csl Re4]} 24. b3 $14) 21... Nf4 {
[%csl Rd3,Re2,Ye5,Yf4][%cal Gf4e2,Ge2d4] Now both black's knights are directed
to contender's camp(><d3,><e2).} 22. Rd2 $6 {It's discrepancy,which allows to
improve a position of the Black's pieces.} (22. Nf5 $142 f6 (22... Rfe8 23. Qd2
$36) 23. Bf2 Qe2 24. Qxe2 Nxe2+ 25. Kh1 $14) 22... c4 $132 {Now Black has,as a
minimum,an equal chances in the subsequent tactical complications.} 23. Bg3 {
White can not bear simultaneously both knights.} Nfd3 24. Bxe5 ({Leads to
benefit of the contender:} 24. Nxc4 $6 b3 (24... Qxc4 $2 25. Qxc4 Nxc4 26. Rxd3
Nxb2 27. Rd4 $16 {[%csl Rb4,Rd6]}) (24... Rfc8 $5 25. b3 $140 a4 $1 26. Qb1
axb3 27. Nxe5 Nxe5 28. Bxe5 dxe5 29. axb4 Qb6+ 30. Kh1 Qxb4 31. Rfd1 {=/=/+})
25. Qc3 (25. Qxb3 $2 Nc5) 25... Rac8 26. Rxd3 Nxd3 27. Qxd3 Rxc4 28. Bxd6 (28.
Qxb3 Rfc8 $13) 28... Qb6+ 29. Kh1 Rfc8 $13) 24... Nxe5 25. f4 $1 {Differently,
White can not simultaneously protect all weaknesses in queen side.} Qb6 $1 {
/^a7-g1(פe3,Kg1)} 26. fxe5 {This move is much better,than:} (26. Re2 $6 Ng4
27. Rf3 Rfc8 28. Kh1 Nxe3 29. Rfxe3 Qd4 $36) 26... Qxe3+ 27. Rdf2 ({Absolutely
unjustified sacrifice of the pawn:} 27. Kh1 bxa3 28. bxa3 (28. exd6 $143 axb2
29. Re2 Qc5 30. Qxb2 Qxd6 {-/+/=/+}) 28... dxe5 {[%csl Ra3]} 29. Rdd1 Qxa3 30.
Qxc4 $15) 27... Rae8 28. axb4 {White have decided to get rid from contender's
pawns on the queen side.} (28. exd6 $2 Rxe4 29. axb4 axb4 {and Erwin L'Ami
remains with one ruins.}) 28... axb4 29. Qxc4 (29. exd6 $143 Rxe4 {transfers
to 28.exd6?}) 29... Rxe5 30. Qxb4 Qxe4 31. Qxd6 $11 (31. Qxe4 $143 Rxe4 {
[%csl Rb2,Rd5][%cal Ge4b4,Gf8b8]}) ({After:} 31. Qxd6 {drawn game is
inevitable:} Qxd5 (31... Rxd5 $5 32. Qg3 Rd3 33. Qf4 Qxf4 34. Rxf4 f6 $11) 32.
Qxd5 Rxd5 33. b4 f6 $11) 1/2-1/2

[Event "POL-ch 62nd"]
[Site "Poznan"]
[Date "2005.05.03"]
[Round "12"]
[White "Grabarczyk, Miroslaw"]
[Black "Jaracz, Pawel"]
[Result "1-0"]
[WhiteElo "2487"]
[BlackElo "2530"]
[Annotator "Golod,V"]
[PlyCount "83"]
[EventDate "2005.04.21"]
[EventType "tourn"]
[EventRounds "13"]
[EventCountry "POL"]
[EventCategory "12"]
[SourceTitle "CBM 107"]
[Source "ChessBase"]
[SourceDate "2005.08.01"]
[SourceVersion "1"]
[SourceVersionDate "2005.08.01"]
[SourceQuality "1"]

1. d4 Nf6 2. c4 e6 3. Nc3 Bb4 4. Qc2 O-O 5. a3 Bxc3+ 6. Qxc3 d6 7. Nf3 b6 8. g3
$5 {White has two principal options:} (8. Bg5 $5 {You can see my annotations
to Van Wely,L-Timman,J/Breda,1998/CBM 65(1/2-1/2)(32)}) ({and} 8. e3 {In my
opinion this move doesn't pose Black any serious problems. For further
information, you can see my comments to Georgiev,K-Kacheishvili,G/Istanbul,
2000/EXT 2001(0-1)(37)}) 8... Bb7 9. Bg2 Nbd7 10. b4 (10. O-O {It's the main
line.You can see my annotation to Grigore,G-Firman,N/Bucharest,2003/CBM 94(1-0)
(40)}) 10... c5 11. O-O Qe7 $5 {Another widespread continuation is:} (11... Rc8
$5) 12. Bb2 {Also popular is the next move:} (12. bxc5 $5) 12... Rfc8 ({
This deserves serious attention:} 12... Rac8 $5) ({and} 12... cxd4 $5) 13. dxc5
{I like this plan for White more than:} (13. Rfd1 d5 14. dxc5 bxc5 15. cxd5
Bxd5 16. bxc5 Nxc5 17. Rac1 Rab8 18. Qe5 Qb7 19. Bd4 Nb3 $11 {Gurevich,
M-Gofshtein,L/Hoogeveen,1999(1/2-1/2)(27)}) 13... dxc5 $140 {It is interesting
to check up:} (13... bxc5 $5 14. b5 Nb6 15. a4 a5 {with a complicated game.})
14. b5 a6 $6 $146 {It seems to me that Black's plan in the next game was much
better:} (14... Ne8 $5 15. Rfd1 f6 16. a4 a5 17. h3 Nf8 18. Nh4 Rd8 19. Bxb7
Qxb7 20. Ng2 Rd7 21. Rxd7 Qxd7 22. Ne3 Rd8 23. Rd1 Qc7 24. Rd3 Rd6 25. Qd2 Qd7
$11 {Kalod,R-Berezjuk,S/Ostrava,2002(1/2-1/2)(55)}) 15. a4 a5 16. Rad1 Rd8 17.
Rd3 $14 {To sum up the opening: White has two bishops, more space on the board
and very comfortable play without risks. Black is doomed to a long defence.}
Ne8 {It's not easy recommend something good for Black. For example:} (17... Nf8
{[%cal Gb7e4]} 18. Rfd1 Be4 19. R3d2 Ng6 20. h3 $14) 18. Rfd1 Be4 (18... f6 $4
{is refuted by:} 19. Qd2 Bc8 $140 20. Ne5 fxe5 21. Bxa8 $18) 19. R3d2 Nf8 (
19... f6 $2 20. Qe3 Bb7 21. Qd3 Rab8 22. Qxd7 $1 Rxd7 23. Rxd7 Qf8 24. Bh3 $18
{Full domination of the white pieces!}) 20. Ne5 {Now White's knight will go to
c6.} Bxg2 (20... Rxd2 $144 21. Rxd2 (21. Qxd2 Bxg2 22. Kxg2 f6 23. Nc6 Qf7 24.
Qd3 $14) 21... Bxg2 22. Kxg2 f6 23. Nc6 Qf7 {with a position from the game.})
21. Kxg2 Rxd2 22. Rxd2 f6 23. Nc6 Qf7 24. f4 {Preventing e5.} h5 $6 {I don't
see this move necessary:} (24... Rc8 $142 {[%cal Yc8c7,Yc7d7]}) 25. Qf3 {
Despites a big spatial advantage, it's not so easy to force black's defence.
For example:} (25. e4 Rc8 26. Qe3 Rc7 27. e5 Rd7 28. Rxd7 Qxd7 29. Qe2 h4 $13)
25... Rc8 26. Qe4 $2 {It's not a good square for the queen, as we'll see in
the game. Much better was:} (26. Bc3 $5 Rc7 27. Rd8 h4 (27... Rd7 $2 28. Rb8
Nd6 29. Rxb6 Nxc4 30. Rb8 $18 {[%csl Ra5,Gb5][%cal Gb5b6,Gb6b7]}) 28. g4 $16)
26... Rc7 27. Rd8 Rd7 28. Rb8 {After an exchange of rooks:} (28. Rxd7 Qxd7 {
Black has good chances for a draw. Therefore, White rejects this option and
starts a very sharp game.}) 28... Nd6 {Now we can understand the problem of
White's queen position.} 29. Qc2 (29. Qd3 $143 e5 (29... Nxb5 $2 30. Qb3 Nd6
31. Qxb6 Nxc4 32. Qxc5 Nxb2 33. Rxb2 $16 {[%csl Ra5]}) 30. Nd8 Qe8 31. Qd5+ Nf7
32. Nc6 Qxb8 33. Nxb8 Rxd5 34. cxd5 e4 $11) 29... e5 $5 {Black finds his
counterchances. But anyway his position remains difficult.} 30. fxe5 Nxc4 31.
Bc1 fxe5 (31... Nxe5 $143 32. Rxb6 Qd5+ 33. e4 Qd1 34. Qxd1 Rxd1 35. Bf4 $16)
32. Bg5 $5 ({This was interesting:} 32. e4 {[%csl Ye4][%cal Ye4d5,Yc2e2]} h4
33. Qe2 h3+ (33... Qe6 $5 34. gxh4 $140 Nd6 {[%csl Re4,Rg2][%cal Ge6g6]}) 34.
Kxh3 Nd6 35. Rxb6 Nxe4 36. Qxe4 Qf1+ 37. Kg4 Qxc1 38. Rb8 $16 {But one needs
good nerves to play a position with such a king.}) 32... Nd6 {It's not easy
for Black to start counterplay:} (32... h4 33. gxh4 Qe6 34. Qe4 Nd6 35. Qf3 Nf7
36. Rxb6 $16) 33. Rxb6 h4 (33... Qd5+ $142 34. Kg1 c4 35. Qd2 (35. Be3 $143 h4
$132) 35... Qe4 36. Nb8 (36. Ne7+ Rxe7 37. Bxe7 Qb1+ 38. Kg2 Qe4+ 39. Kf2 Nc8
40. Bc5 Nxb6 41. Bxb6 Qf5+ 42. Ke1 Qb1+ 43. Qd1 Qb4+ 44. Kf1 $16) 36... Rb7 37.
Rxd6 Rxb8 38. Qd5+ Qxd5 39. Rxd5 c3 40. Be3 $16) 34. Rb8 $2 {After this move
Black has counterplay, that is enough for a draw.} (34. Nxe5 $142 Qd5+ 35. Nf3
hxg3 36. hxg3 Ne4 37. Be3 g5 38. g4 Ne6 39. Qd3 $16) 34... Qd5+ 35. Kg1 Ne4 $4
{Probably, this blunder was made because of time-trouble.} (35... h3 $5 {
It's hard to say, why Black didn't play this natural move.} 36. e3 Qe4 37. Ne7+
Kh7 38. Qxe4+ Nxe4 39. Rxf8 Nxg5 40. Nc6 Rd1+ (40... e4 41. Ne5 Rd1+ 42. Rf1
Rd2 43. Rb1 Rg2+ 44. Kh1 Nf3 45. Nxf3 exf3 46. b6 Re2 {[%csl Rh1][%cal Gf3f2]}
47. Kg1 Rg2+ 48. Kh1 $8 (48. Kf1 $4 Rxh2 49. Rb5 Rc2 $19) 48... Re2 $11) 41.
Rf1 Rd2 42. Rf2 (42. Nxe5 $2 Rg2+ 43. Kh1 Ne4 44. Ng4 c4 $17) 42... Rd1+ 43.
Rf1 Rd2 44. Rf2 $11) 36. Ne7+ {White doesn't miss his chance.} Rxe7 37. Bxe7
Qd4+ 38. e3 Qa1+ (38... Qxe3+ 39. Kg2 $18) 39. Kg2 $18 h3+ 40. Kf3 Qf1+ 41.
Kxe4 Qg2+ 42. Kd3 1-0

[Event "Excelsior Cup"]
[Site "Gothenburg"]
[Date "2001.??.??"]
[Round "3"]
[White "Kallio, Heikki"]
[Black "Gavrikov, Viktor"]
[Result "0-1"]
[WhiteElo "2431"]
[BlackElo "2539"]
[Annotator "Golod,V"]
[PlyCount "56"]
[EventDate "2001.01.08"]
[EventType "tourn"]
[EventRounds "9"]
[EventCountry "SWE"]
[EventCategory "7"]
[SourceTitle "CBM 081"]
[Source "ChessBase"]
[SourceDate "2001.03.20"]
[SourceVersion "1"]
[SourceVersionDate "2001.03.20"]
[SourceQuality "1"]

1. d4 Nf6 2. c4 e6 3. Nc3 Bb4 4. Qc2 O-O 5. a3 Bxc3+ 6. Qxc3 b6 7. Bg5 Ba6 8.
e3 d6 9. f3 (9. b4 $5 Nbd7 10. f3 Re8 {See detailed commented game: Karpov,
A-Polgar,J/Hoogeveen,1999/CBM 74 (1/2-1/2)(Golod,V)(39)} (10... c5 11. dxc5
bxc5 12. b5 Bb7 13. Nh3 h6 14. Bf4 d5 $132 {1/2-1/2 Kruppa,Y-Iordachescu,V/
Kiev UKR 2000/The Week in Chess 284/ (16)})) (9. Bd3 {-mainline}) (9. Be2 Nbd7
10. Bf3 Rc8 11. b4 c6 12. Qb3 Qc7 13. Ne2 e5 $11 {1/2-1/2 Seirawan,Y-Milos,G/
Bali INA 2000/The Week in Chess 286/ (25)}) 9... Nbd7 10. Bd3 c5 $5 {[%csl Rc4]
[%cal Gc5d4,Ga8c8] This move idea is to open c-line for Ra8-c8 and pressure on
the Pc4.} 11. dxc5 $5 $146 {[%csl Re1]} ({Worth of attention was to complete
development by} 11. Ne2 h6 12. Bh4 Rc8 13. Rd1 $1 (13. O-O $6 cxd4 14. Qxd4 (
14. Nxd4 d5 $17 {[%csl Rc4]}) (14. exd4 b5 $17 {[%csl Rc4]}) 14... Ne5 15. b3
Nxd3 16. Qxd3 d5 $17 {[%csl Rc4]}) 13... d5 (13... cxd4 14. Qxd4 Qc7 15. b3
$132) 14. cxd5 Bxd3 15. Qxd3 exd5 $11) (11. Nh3 $6 Rc8 12. O-O $2 (12. dxc5
$142) 12... cxd4 13. exd4 (13. Qxd4 Ne5 {[%csl Rc4]}) 13... Bxc4 14. Bxc4 d5
$17 {Johansson,V-Baginskaite,K/Yerevan,1996(0-1)(31)}) 11... Nxc5 $1 {[%csl
Rc4][%cal Ga8c8]} 12. Bc2 Rc8 (12... Nfe4 $2 13. Bxd8 Nxc3 14. Be7 $18) (12...
e5 $5 13. Ne2 b5 $11) 13. Nh3 $6 $15 (13. Bxf6 Qxf6 14. Qxf6 gxf6 15. b4 Nd7
16. Rd1 Ne5 $15) ({Right was} 13. Qd4 $1 Ncd7 14. Qxd6 Bxc4 15. Rd1 h6 16. Bh4
$132) 13... Ncd7 $1 {[%csl Rc4] Black successfully realized his Pc4 pressure
plan.} 14. Qd2 {[%csl Rd6][%cal Gd2d6]} h6 15. Bf4 e5 16. Bg3 Rc6 17. b3 b5 $1
{Black opens a6-f1 diagonal for his B and white will not be able to make
castle.} 18. cxb5 Bxb5 $15 {[%cal Gb5f1]} 19. a4 (19. Kf2 $1 Qc7 20. Ra2 Rc8
21. Bf5 Nc5 $1 {[%csl Rb3]} 22. Rd1 (22. Bxc8 Nfe4+ $19 {[%csl Rd2,Rf2]}) 22...
g6 23. Bc2 Nh5 $15) 19... Ba6 20. b4 {[%cal Gb4b5]} Qc7 {[%csl Rc2][%cal Gc7c2]
} 21. Bf5 Bc4 $1 22. Nf2 {[%csl Re1] This position disadvantage is white K has
got stuck in the center...} (22. b5 $5 Rc5 23. e4 (23. Kf2 Be6 24. Bd3 Rc8 25.
Rhd1 Nb6 $17 {[%cal Gb6c4]}) 23... d5 ({Equal position after} 23... Be6 $6 24.
Bxe6 fxe6 25. O-O Rc2 26. Qe3 Rc8 27. Bf2 $132) 24. Bf2 d4 25. Bh4 Re8 $15 {
[%csl Re1]}) 22... a6 (22... Be6 23. b5 Rc5 24. Bxe6 fxe6 25. O-O $132) ({Or} 
22... Rc8 $5 23. Rc1 d5 24. f4 Re8 25. fxe5 Nxe5 $15 {[%csl Re1]}) 23. Ne4 (23.
e4 Rc8 $15 {[%csl Re1]}) 23... Rb8 24. Bh4 $6 $17 ({Why not} 24. Rc1 d5 25.
Nxf6+ Nxf6 26. Kf2 Qe7 $15 {[%csl Rb4,Rf2]}) 24... Nxe4 25. Bxe4 d5 26. Bf5
Rcb6 27. Be7 $2 $19 (27. Rb1 $142 {[%csl Yb1][%cal Yb1b4]} Qd6 28. Bxd7 Qxd7
29. a5 Rb5 $17 {[%csl Rb4]}) 27... e4 $1 {[%cal Gc7e5]} 28. f4 {Position of
white looks OK, but...} (28. a5 $144 R6b7 (28... Rc6 29. Bxd7 Qxd7 30. Bc5 exf3
31. gxf3 Qf5 $17 {[%csl Re1,Rf3]}) 29. Bxd7 exf3 30. gxf3 Qe5 $19) {[%tqu "En",
"?","","","d7e5","",0,"d7e5","",0]} 28... Ne5 $3 (28... Ne5 29. Bc5 (29. fxe5
Qxe7 $19 {[%csl Rb4,Re5]} (29... Qxe5 30. Rb1 Qxe7 $19)) 29... Nd3+ 30. Kd1
Nxc5 $19) 0-1